000 00214nam a2200097Ia 4500
005 20251222114415.0
008 251222s1900||||xx |||||||||||||| ||spa||
082 _aDVD0120/B84/1988
245 0 _aTurandot:
942 _cDVD
999 _c2189
_d2189